| 000 | 01766cam a22004337a 4500 | ||
|---|---|---|---|
| 003 | CHAP | ||
| 005 | 20220329141937.0 | ||
| 008 | 980828m1998 mx rs o00110 spa d | ||
| 010 | _a76044 | ||
| 011 | _a77016 | ||
| 020 | _a9701316630 | ||
| 035 | _a86612 | ||
| 040 | _cCHAP | ||
| 082 | 0 | 4 |
_a312.0972 _bI53 Yuc. |
| 110 | 2 |
_aInstituto Nacional de Estadística, Geografía e Informática. México _959304 |
|
| 245 | 1 | 0 |
_aEstadísticas vitales del estado de Yucatán _c/por Instituto Nacional de Estadística, Geografía e Informática |
| 260 |
_aAguascalientes, Ags. : _bInstituto Nacional de Estadística, Geografía e Informática, _c1999- |
||
| 300 |
_av. : _bgráfs. ; cuadros |
||
| 500 | _aLa biblioteca tiene :1991-95, 1996-97,1997, 1998, 1999 | ||
| 590 |
_aBATCH-UPD _b10 _c20130110 _lUCH01 _h0527 |
||
| 590 |
_aBATCH-UPD _b10 _c20130110 _lUCH01 _h2309 |
||
| 590 |
_aBATCH-UPD _b10 _c20130410 _lUCH01 _h0207 |
||
| 590 |
_aBATCH-UPD _b10 _c20130410 _lUCH01 _h1600 |
||
| 590 |
_aBATCH-UPD _b10 _c20130914 _lUCH01 _h1604 |
||
| 590 |
_aCONVERSION _b10 _c20130109 _lUCH01 _h1342 |
||
| 650 | 1 | 4 |
_aDivorcio. _933034 |
| 650 | 1 | 4 |
_aMatrimonio. _973048 |
| 650 | 1 | 4 |
_aMuerte. _979284 |
| 650 | 1 | 4 |
_aPoblación _xEstadísticas _zYucatán. _989404 |
| 650 | 1 | 4 |
_aPoblación _zYucatán. _989444 |
| 650 | 1 | 4 |
_aYucatán _xEstadísticas. _9123322 |
| 901 | _aBK | ||
| 905 | _aGuadalupe Pinto C. | ||
| 942 | _cLIBRO | ||
| 949 |
_a312.0972 I53 Yuc. _bBC _cINEGI _d33724000696605 _eINEGI _f1991-95 _h93972 _i86612 _sb |
||
| 949 |
_a312.0972 I53 Yuc. _bBC _cINEGI _d33724000777678 _eINEGI _f1996-97 _h98165 _i86612 _sb |
||
| 949 |
_a312.0972 I53 Yuc. _bBC _cINEGI _d33724000800967 _eINEGI _f1998 _h97978 _i86612 _sb |
||
| 949 |
_a312.0972 I53 Yuc. _bBC _cINEGI _d33724000852232 _eINEGI _f1999 _h101399 _i86612 _sb |
||
| 999 |
_c76044 _d76044 |
||